Dynamics of agricultural biotechnology : SAARC bibliographical database (Record no. 43935)

MARC details
000 -LEADER
fixed length control field 00399nam a2200133Ia 4500
082 ## - DEWEY DECIMAL CLASSIFICATION NUMBER
Classification number 573.6:016(5-13)
Item number CHA
100 ## - MAIN ENTRY--AUTHOR NAME
Personal name Chandel, A S
245 #0 - TITLE STATEMENT
Title Dynamics of agricultural biotechnology : SAARC bibliographical database
260 ## - PUBLICATION, DISTRIBUTION, ETC. (IMPRINT)
Place of publication Bangladesh
Name of publisher SAARC Agricultural Information Centre (SAI
490 ## - SERIES STATEMENT
Series statement C
700 ## - ADDED ENTRY--PERSONAL NAME
Personal name Kamal, R M
942 ## - ADDED ENTRY ELEMENTS (KOHA)
Koha item type Books
Holdings
Withdrawn status Lost status Damaged status Not for loan Home library Current library Date acquired Source of acquisition Full call number Accession Number Koha item type
        RRII Library RRII Library 16/12/2021 Gift 573.6:016(5-13) CHA G00684 Books